000
00287nam a22001337a 4500
008
170612b xxu||||| |||| 00| 0 eng d
020
_a
9780697391469
041
_a
eng
080
_2
11TH
_a
323
100
_a
19
101
_a
SHP
245
_a
TAKING SIDES
_c
MCKENNA,G
942
_2
udc
_c
BK
999
_c
16939
_d
16939